LEADER 02361nas 2200433 n 450 001 990008923570403321 005 20240229084343.0 011 $a0394-4689 035 $a000892357 035 $aFED01000892357 035 $a(Aleph)000892357FED01 035 $a000892357 091 $2CNR$aP 00028915 100 $a20090724a19819999km-y0itaa50------ba 101 0 $aita 102 $aIT 110 $aauu-------- 200 1 $aBollettino delle opere moderne straniere acquisite dalle biblioteche pubbliche statali italiane 207 1$a1981- 210 $aRoma$cBiblioteca nazionale centrale Vittorio Emanuele II 430 0$1001000892356$12001$aBollettino delle opere moderne straniere acquisite dalle biblioteche pubbliche governative italiane 530 0 $aBollettino delle opere moderne straniere acquisite dalle biblioteche pubbliche statali italiane 675 $a002 675 $a014 675 $a01 712 02$aBiblioteca nazionale centrale di Roma 801 0$aIT$bACNP$c20090723 859 4 $uhttp://acnp.cib.unibo.it/cgi-ser/start/it/cnr/dc-p1.tcl?catno=19256&person=false&language=ITALIANO&libr=&libr_th=unina1$zBiblioteche che possiedono il periodico 901 $aSE 912 $a990008923570403321 958 $aBiblioteca Centrale della Facoltà di Giurisprudenza dell'Università di Napoli Federico II$b1981-1996;$ePer. est. 362$fFGBC 958 $aBiblioteca L.Massimilla. Dipartimento di Ingegneria Chimica dell'Università degli Studi di Napoli Federico II.$b1981-1983;1991-1997;$eArchivio Arm.6$fDINCH 959 $aFGBC 959 $aDINCH 996 $aBollettino delle opere moderne straniere acquisite dalle biblioteche pubbliche statali italiane$9798809 997 $aUNINA AP1 8 $6866-01$aNA073 Biblioteca Centrale della Facoltà di Giurisprudenza dell'Università di Napoli Federico II$bPer. est. 362$eCorso Umberto I, 80138 Napoli (NA)$m0812537531/33$m0812537532$nit AP1 8 $6866-02$aNA109 Biblioteca L.Massimilla. Dipartimento di Ingegneria Chimica dell'Università degli Studi di Napoli Federico II.$bArchivio Arm.6$eP.le Tecchio, 80, 80125 Napoli (NA)$m0817682592 0817682255$m0812391800$nit AP2 40$aacnp.cib.unibo.it$nACNP Italian Union Catalogue of Serials$uhttp://acnp.cib.unibo.it/cgi-ser/start/it/cnr/df-p.tcl?catno=19256&language=ITALIANO&libr=&person=&B=1&libr_th=unina&proposto=NO LEADER 05300nam 22006134a 450 001 9910830458803321 005 20230828231557.0 010 $a1-281-31219-3 010 $a9786611312190 010 $a0-470-76219-5 010 $a0-470-99602-1 010 $a0-470-99601-3 035 $a(CKB)1000000000413901 035 $a(EBL)351425 035 $a(OCoLC)437218679 035 $a(SSID)ssj0000242626 035 $a(PQKBManifestationID)11923080 035 $a(PQKBTitleCode)TC0000242626 035 $a(PQKBWorkID)10310953 035 $a(PQKB)10992971 035 $a(MiAaPQ)EBC351425 035 $a(EXLCZ)991000000000413901 100 $a20060428d2006 uy 0 101 0 $aeng 135 $aur|n|---||||| 181 $ctxt 182 $cc 183 $acr 200 10$aSea trout$b[electronic resource] $ebiology, conservation, and management : proceedings of First International Sea Trout Symposium, Cardiff, July 2004 /$fedited by Graeme Harris and Nigel Milner 210 $aOxford ;$aAmes, Iowa $cBlackwell$d2006 215 $a1 online resource (522 p.) 300 $aDescription based upon print version of record. 311 $a1-4051-2991-3 320 $aIncludes bibliographical references and index. 327 $aSEA TROUT:BIOLOGY, CONSERVATIONAND MANAGEMENT; Contents; Foreword; Preface; Opening Address 1. Sea Trout: AWelsh Perspective; Opening Address 2. Sea Trout and the Environment Agency; 1 Setting the Scene - Sea Trout in England and Wales - A Personal Perspective; Section 1STOCKS AND FISHERIES; 2 Patterns of Anadromy and Migrations of Pacific Salmon and Trout at Sea; 3 A Review of the Status of Irish Sea Trout Stocks; 4 Characteristics of the Sea Trout Salmo trutta (L.) Stock Collapse in the River Ewe (Wester Ross, Scotland), in 1988-2001 327 $a5 Characteristics of the Sea Trout (Salmo trutta L.) Stocks from the Owengowla and Invermore Fisheries, Connemara,Western Ireland, and Recent Trends in Marine Survival6 Annual Variation in Age Composition, Growth and Abundance of Adult Sea Trout Returning to the River Dee at Chester, 1991-2003; 7 Sea Trout Stock Descriptions in England and Wales; 8 The Rod and Net Sea Trout Fisheries of England and Wales; 9 General Overview of Turkish Sea Trout (Salmo trutta L.) Populations; 10 The Status and Exploitation of Sea Trout on the Finnish Coast of the Gulf of Bothnia in the Baltic Sea 327 $a11 Sea Trout (Salmo trutta L.) in European Salmon (Salmo salar L.) RiversSection 2GENETICS AND LIFE HISTORY; 12 Genetics of Sea Trout, with Particular Reference to Britain and Ireland; 13 The Genetic Basis of Smoltification: Functional Genomics Tools Facilitate the Search for the Needle in the Haystack; 14 Life History of the Anadromous Trout Salmo trutta; 15 Migration as a Life-History Strategy for the Sea Trout; 16 Life History of a SeaTrout (Salmo trutta L.) Population from the North-West Iberian Peninsula (River Ulla, Galicia, Spain) 327 $a17 Review and Perspectives on Molecular Genetic Approaches to Sea Trout BiologySection 3POPULATION DYNAMICS, ECOLOGYAND BEHAVIOUR; 18 A 35-Year Study of Stock-Recruitment Relationships in a Small Population of Sea Trout: Assumptions, Implications and Limitations for Predicting Targets; 19 Characteristics of the Burrishoole Sea Trout Population: Census, Marine Survival, Enhancement and Stock...Recruitment Relationship, 1971-2003; 20 Population Dynamics and Stock-Recruitment Relationship of Sea Trout in the River Bresle, Upper Normandy, France; Section 4MANAGING STOCKS AND FISHERIES 327 $a21 The Spawning Habitat Requirements of Sea Trout: A Multi-Scale Approach22 Research Activities and Management of Brown Trout and Sea Trout (Salmo trutta L.) in Denmark; 23 Stocking Sea Trout (Salmo trutta L.) in the River Shieldaig, Scotland; 24 Is Stocking with Sea Trout Compatible with the Conservation of Wild Trout (Salmo trutta L.)?; 25 Sea Lice Lepeophtheirus salmonis Infestations of Post-Smolt Sea Trout in Loch Shieldaig,Wester Ross, 1999-2003; 26 Comparison of Survival, Migration and Growth in Wild, Offspring from Wild (F1) and Domesticated Sea-Run Trout (Salmo trutta L.) 327 $a27 The Rapid Establishment of a Resident Brown Trout Population from Sea Trout Progeny Stocked in a Fishless Stream 330 $aThe Brown trout displays widely divergent life history strategies involving, variously, usage of streams, rivers, lakes, estuaries and the sea. The sea trout is the full sea-going form, it is very common and competes with salmon for the position of the most sought after migratory salmonid in many countries. Its use of freshwater, estuaries and coastal waters gives it a unique position as a sentinel species of environmental quality across these habitats. Although a commercially and recreationally important fish species, the management and scientific knowledge about sea trout has often been ov 606 $aSea trout$vCongresses 615 0$aSea trout 676 $a639.3757 701 $aHarris$b Graeme$0920392 701 $aMilner$b Nigel$0920393 712 12$aInternational Sea Trout Symposium 801 0$bMiAaPQ 801 1$bMiAaPQ 801 2$bMiAaPQ 906 $aBOOK 912 $a9910830458803321 996 $aSea trout$92064412 997 $aUNINA